000 00739cab a2200241 4500
001 ABS56200
008 090401t1996 xxu||||| |||| 00| 0 eng d
035 _a(Sirsi) u21868
041 _aeng
100 _aMcGuire, J.
245 4 _aThe nuts and bolts of securitisation
260 _c1996
350 _a0
490 _aProperty Week
_v57(7) 15 November 1996, 23(1)
520 _aAnswers the question `what is securitisation?` and the implications of it for the maintenance of the fabric of a building.
650 _aPROPERTY FINANCE
650 _aPROPERTY INVESTMENT
650 _aPROPERTY MAINTENANCE
650 _aSECURITISATION
690 _aPROPERTY-PROPERTY FINANCE AND INVESTMENT
942 _n0
948 _c04/03/1997
999 _c14653
_d14653